Random Riddles - Statistics

General Stats
  • This quiz has been taken 106 times
  • The average score is 12 of 21
Answer Stats
Hint Answer % Correct
David’s parents have three sons. Two of them are named Snap and Crackle. What is the name of the third son? David
88%
You walk into a room that contains a match, a kerosene lamp, a candle, and a fireplace. What would you light first? The match
82%
What has many keys but can’t open a single lock? Piano
78%
What is full of holes and still holds water? Sponge
77%
What gets wet while drying? Towel
75%
What month of the year has 28 days? All of them
73%
What has to be broken before you can use it? Egg
72%
What can you break, even if you never pick it up or touch it? Promise
67%
What is so fragile that saying its name breaks it? Silence
67%
I’m tall when I’m young, and short when I’m old. What am I? Candle
66%
What is always in front of you and can’t be seen? The future
63%
What runs all around a backyard, but never moves? Fence
61%
It belongs to you, but other people use it more than you do. What is it? Your name
61%
What goes up but never comes down? Age
55%
The more of this there is, the less you see. What is it? Darkness
54%
Where does today come before yesterday? Dictionary
39%
What gets bigger when more is taken away? Hole
37%
What can fill a room but takes up no space? Light
31%
A man who was outside in the rain didn’t get a single hair on his head wet. Why? He’s bald
29%
What can you keep after giving to someone? Your word
13%
What can’t be put in a saucepan? The lid
11%
No matching quizzes found
Score Distribution
Percent of People with Each Score
Percentile by Number Answered
Your Score History
You have not taken this quiz